US presidents (20th century) - Statistics

General Stats
  • This quiz has been taken 48 times
  • The average score is 16 of 18
Answer Stats
Picture Answer % Correct
Bill Clinton
98%
Dwight Eisenhower
98%
George H.W. Bush
98%
John F. Kennedy
98%
Franklin Roosevelt
95%
Theodore Roosevelt
95%
Lyndon Johnson
93%
Richard Nixon
93%
Ronald Reagan
93%
Jimmy Carter
90%
Harry Truman
88%
Gerald Ford
86%
Woodrow Wilson
86%
Herbert Hoover
81%
William Taft
81%
Calvin Coolidge
69%
William McKinley
57%
Warren Harding
55%
No matching quizzes found
Score Distribution
Percent of People with Each Score
Percentile by Number Answered
Your Score History
You have not taken this quiz